La casa de papel 1 photo 1 nom - Statistiques

Statistiques générales
  • Ce quiz a été pris 393 fois
  • Le résultat moyen est 18 sur 33
Statistiques - réponses
Par images Réponse % Correct
Silene Oliveira Tokyo
98%
Andres de Fonollosa Berlin
97%
Anibal Cortes Rio
94%
Daniel Ramos Denver
90%
Mirko Dragic Helsinki
89%
Ágata Jiménez Nairobi
88%
Raquel Murillo Lisbonne
88%
Mónica Gaztambide Stockholm
83%
Agustin Ramos Moscou
80%
Sergio Marquina Le Professeur
80%
Radko Dragić / Oslo
79%
Jakov Marseille
77%
Arturo Román
69%
Martín Berrote Palerme
67%
Santiago López Bogotá
58%
La banque d'espagne
55%
Fabrique Nationale de la Monnaie et du Timbre
51%
Alicia Sierra
50%
Julia Martínez Manille
48%
Ángel Rubio
41%
Alison Parker
35%
César Gandía
33%
Matías Caño Pampelune
33%
Suárez
32%
Luis Tamayo
31%
Paula Murillo-Vicuña
29%
Alfonso Prieto
26%
Tatiana
22%
Mario Gouverneur de la Banque d'Espagne
18%
Alberto Vicuña
16%
Rafael de Fonollosa
16%
Ariadna Cascales
13%
Mariví Fuentes
6%
Aucun quiz correspondant
Distribution des résultats
% des personnes avec chaque résultat
Percentile par nombre de réponses
Votre historique - résultats
Vous n’avez pas pris ce quiz